000 00584nam a2200241Ia 4500
003 LK-CoDNM
005 20240926145500.0
008 010623t1920 xxu||||| |||| 00| 1 sin d
040 _aLK-CoDNM
_dLK-CoDNM
_eLK-CoDNM
041 _asin
080 _a24
_bH5
100 _aRajasekara, E.S.
245 _aදළදා සිරිත
246 _aDalada Siritha
260 _c1920
300 _bvi, 78p. ; 21 cm
650 _aHistory
650 _aදළදා සිරිත
650 _aDalada Siritha
650 _aRajasekara, E.S.
650 _a24 H5
942 _cBK
999 _c90186
_d90186